Priapeos

Bewaard in:
Bibliografische gegevens
Hoofdauteurs: Reposiano (Auteur), Ausonio, Décimo Magno (Auteur)
Formaat: Boek
Taal:Spaans
Gepubliceerd in: Madrid Gredos 1981
Reeks:Bibloteca Clásica Gredos, 41
Onderwerpen:
Tags: Voeg label toe
Geen labels, Wees de eerste die dit record labelt!

MARC

LEADER 00000nam a2200000 a 4500
001 UCP9307
003 CL-VaPUC
008 000324e19810000SP |||||||||||||||||spa|d
082 0 4 |a 871  |b REP  |2 21 
100 0 |a Reposiano  |e author  |9 439791 
700 0 |a Ausonio, Décimo Magno  |e author  |9 439792 
245 1 0 |a Priapeos 
246 1 0 |a Grafitos amatorios pompeyanos 
246 1 3 |a La velada de la fiesta de Venus 
246 1 3 |a El concúbito de Marte y Venus 
246 1 0 |a Centón nupcial 
300 |a 247 p 
942 |c BK 
945 |d 20000324 00:00:00  |a crobeson 
260 |a Madrid  |b Gredos  |c 1981 
650 7 |a POESIAS LATINAS  |2 CL-VaPUC  |9 439793 
650 0 |a Literatura latina   |9 258055 
583 |a last modification  |c 20000324 00:00:00  |k Rodrigo Vera 
490 0 |a Bibloteca Clásica Gredos, 41 
999 |c 286133  |d 286131 
952 |0 0  |1 0  |4 0  |6 871_000000000000000_REP_1981  |7 0  |8 X  |9 331588  |a BIBHIS  |b BIBHIS  |d 2019-11-20  |i 1397265  |o 871 REP 1981  |p 1397265  |r 2024-01-30  |w 2019-11-20  |y BK_X  |k HIS